An incomparable collection of original paintings, and others : by the best masters both ancient and modern, some whereof are part of the collection of a person of quality. The masters names are Sir P. Paul Ruben Sir Ant. Van Dyck Rembrandt Breughel ... will be sold at auction at VVills coffee-house at the west-end of the Court of Requests, over against the painted Chamber, near VVestminster-hall, on Monday the 22d. of this instant February, 1691. and the following days till all are sold; and then will conclude (this season) the sale of paintings at Westminster. The sale beginning at ten of the clock in the morning. By John Bullord.

Bibliographic Details
Main Author: Bullord, John
Format: eBook
Language:English
Published: [London] : Catalogues are distributed gratis at the coffee-houses in Westminster-hall, and at the place of sale. The conditions as usual, [1692]
Series:Early English books online.
Subjects:
Online Access:Connect to the full text of this electronic book

MARC

Tag First Indicator Second Indicator Subfields
LEADER 00000nam a2200000 4500
001 in00004329521
005 20200812081811.0
006 m g d
007 cr bn |||a|bb|
008 970205s1692 enk o 00| | eng d
035 |a (UnM)99833968 
037 |a CL0037000070  |b ProQuest Information and Learning. 300 N. Zeeb Rd., Ann Arbor, MI 48106 
040 |a Cu-RivES  |c Cu-RivES  |e dcrb  |d WaOLN 
100 1 |a Bullord, John. 
245 1 3 |a An incomparable collection of original paintings, and others :  |b by the best masters both ancient and modern, some whereof are part of the collection of a person of quality. The masters names are Sir P. Paul Ruben Sir Ant. Van Dyck Rembrandt Breughel ... will be sold at auction at VVills coffee-house at the west-end of the Court of Requests, over against the painted Chamber, near VVestminster-hall, on Monday the 22d. of this instant February, 1691. and the following days till all are sold; and then will conclude (this season) the sale of paintings at Westminster. The sale beginning at ten of the clock in the morning. By John Bullord. 
260 |a [London] :  |b Catalogues are distributed gratis at the coffee-houses in Westminster-hall, and at the place of sale. The conditions as usual,  |c [1692] 
300 |a 1 online resource ([1], 3 pages) 
336 |a text  |b txt  |2 rdacontent 
337 |a computer  |b c  |2 rdamedia 
338 |a online resource  |b cr  |2 rdacarrier 
500 |a The date is given according to Lady Day dating. 
500 |a Pagination begins on verso of title page. 
500 |a Reproduction of the original in the British Library. 
510 4 |a Wing (2nd edition)  |c I138 
533 |a Electronic reproduction.  |b Ann Arbor, Mich. :  |c UMI,  |d 1999-  |f (Early English books online)  |n Digital version of: (Early English books, 1641-1700 ; 1834:15)  |7 s1999 miun s 
650 0 |a Art auctions  |z England  |z London  |v Early works to 1800. 
650 0 |a Art  |z England  |x Catalogs  |v Early works to 1800. 
830 0 |a Early English books online. 
856 4 0 |u http://proxy.library.tamu.edu/login?url=https://search.proquest.com/docview/2240913617  |z Connect to the full text of this electronic book  |t 0 
999 f f |s 7d9e19dc-0556-316c-b794-30a53554f06e  |i b7a4378d-a8c1-347d-a0ef-a566e36c9c4d  |t 0 
952 f f |a Texas A&M University  |b College Station  |c Electronic Resources  |d Available Online  |t 0  |h No information provided 
998 f f |t 0  |l Available Online